000 01048 a2200241 4500
005 20080911164040.0
008 080911t xxu||||| |||| 00| 0 hin d
010 _aHIN-79769
020 _a8178820544
_c200.00
035 _aHN-52115
037 _bD.B.Act / pub
082 _a
100 _aधूमकेतु
245 _aनायिकादेवी
_cधूमकेतु
246 _aNaayikadevi
_bby Dhumketu
260 _aदिल्ली
_bसुरेन्द्रकुमार एण्ड संज
_c2006
270 _a30/21ए-22ए,गली नं.9, विश्वास नगर,शाहदरा
_bदिल्ली
_e110032
300 _a174पृ
_c22 सेमी (सजिल्द)
650 _aहिन्दी उपन्यास
650 _aHindi Novel
942 _adpl
_cHN
_kउ / धूमके
_2ddc
_h
_mधूमके
999 _c3657
_d3657